[Event "Western Asia-ch U20"]
[Site "Waskaduwa"]
[Date "2025.06.06"]
[Round "3"]
[White "Tejas Shah, Jihan"]
[Black "Manon, Reja Neer"]
[Result "1/2-1/2"]
[WhiteElo "2123"]
[BlackElo "2390"]
[PlyCount "94"]
[EventDate "2025.06.05"]
[EventType "swiss"]
[EventRounds "9"]
[EventCountry "SRI"]
[SourceTitle "CB27_2025"]
[SourceDate "2025.07.02"]
[SourceVersion "1"]
[SourceVersionDate "2025.07.02"]
[SourceQuality "1"]

1. d4 Nf6 2. c4 e6 3. Nc3 c5 4. d5 exd5 5. cxd5 d6 6. e4 g6 7. f4 Bg7 8. Bb5+ Nfd7 9. a4 0-0 10. Nf3 Na6 11. 0-0 Nb4 12. Re1 a6 13. Bf1 Re8 14. Be3 Nf6 15. Bf2 Ng4 16. Bg3 Bd4+ 17. Nxd4 cxd4 18. Qxd4 Nc2 19. Qd2 Nxa1 20. Rxa1 Qb6+ 21. Kh1 Qe3 22. Qc2 Bd7 23. Re1 Qd4 24. h3 Nf6 25. Rd1 Qb4 26. Bd3 Rac8 27. Re1 Nh5 28. Bh2 Qd4 29. g4 Nf6 30. Bg1 Qb4 31. Re2 b5 32. Qd2 bxa4 33. e5 a3 34. Ne4 Nxd5 35. Nf6+ Kh8 36. Nxd5 Qxd2 37. Rxd2 a2 38. Rd1 dxe5 39. Ra1 Be6 40. Nb4 Rb8 41. Bc5 a5 42. f5 gxf5 43. gxf5 Bb3 44. Nxa2 Bd5+ 45. Kg1 Rg8+ 46. Kf1 Rxb2 47. Nc3 Bg2+ 1/2-1/2

[Event "Dubai op-A 25th"]
[Site "Dubai"]
[Date "2025.06.01"]
[Round "6"]
[White "Manon, Reja Neer"]
[Black "Al Hosani, Omran"]
[Result "1-0"]
[WhiteElo "2403"]
[BlackElo "2299"]
[PlyCount "73"]
[EventDate "2025.05.27"]
[EventType "swiss"]
[EventRounds "9"]
[EventCountry "UAE"]
[SourceTitle "CB23_2025"]
[SourceDate "2025.06.04"]
[SourceVersion "1"]
[SourceVersionDate "2025.06.04"]
[SourceQuality "1"]

1. Nf3 d5 2. g3 g6 3. c4 d4 4. b4 Bg7 5. Bb2 e5 6. d3 Ne7 7. Bg2 0-0 8. 0-0 c5 9. bxc5 Qc7 10. Nbd2 Na6 11. Nb3 Re8 12. Ng5 Nxc5 13. Nxc5 Qxc5 14. Qa4 Rd8 15. Ba3 Qc7 16. Rab1 h6 17. Ne4 b6 18. Bxe7 Qxe7 19. Nf6+ Bxf6 20. Bxa8 Bg4 21. Bf3 Bxf3 22. exf3 h5 23. Rfe1 h4 24. f4 hxg3 25. hxg3 Qc7 26. fxe5 Bxe5 27. f4 Bf6 28. Re8+ Kg7 29. Rbe1 Qc8 30. Kg2 Qb7+ 31. Kf2 Rd6 32. Qd1 Qd7 33. Qf3 Re6 34. R1xe6 fxe6 35. Rb8 Be7 36. Qh1 Qa4 37. Qh8+ 1-0

[Event "Dubai op-A 25th"]
[Site "Dubai"]
[Date "2025.05.28"]
[Round "2"]
[White "Gavrilescu, David"]
[Black "Manon, Reja Neer"]
[Result "1-0"]
[WhiteElo "2554"]
[BlackElo "2403"]
[PlyCount "65"]
[EventDate "2025.05.27"]
[EventType "swiss"]
[EventRounds "9"]
[EventCountry "UAE"]
[SourceTitle "CB23_2025"]
[SourceDate "2025.06.04"]
[SourceVersion "1"]
[SourceVersionDate "2025.06.04"]
[SourceQuality "1"]

1. e4 c6 2. Nf3 d5 3. e5 c5 4. c4 d4 5. g3 Nc6 6. Bg2 Qc7 7. 0-0 Nxe5 8. Nxe5 Qxe5 9. d3 Qc7 10. Bf4 Qd7 11. Re1 e6 12. Nd2 Ne7 13. Ne4 Ng6 14. Bd2 Be7 15. h4 0-0 16. h5 Nh8 17. h6 g6 18. b4 cxb4 19. Bxb4 f5 20. Nc5 Bxc5 21. Bxc5 Rd8 22. Qd2 Nf7 23. Rxe6 Qxe6 24. Re1 Ne5 25. f4 Nxc4 26. dxc4 Qxc4 27. Be7 Re8 28. Qa5 Be6 29. Rxe6 Qxe6 30. Bd5 Rxe7 31. Bxe6+ Rxe6 32. Qc7 Kf8 33. Qxh7 1-0

[Event "Dubai op-A 25th"]
[Site "Dubai"]
[Date "2025.05.27"]
[Round "1"]
[White "Manon, Reja Neer"]
[Black "Aronyak, Ghosh"]
[Result "0-1"]
[WhiteElo "2403"]
[BlackElo "2514"]
[PlyCount "70"]
[EventDate "2025.05.27"]
[EventType "swiss"]
[EventRounds "9"]
[EventCountry "UAE"]
[SourceTitle "CB23_2025"]
[SourceDate "2025.06.04"]
[SourceVersion "1"]
[SourceVersionDate "2025.06.04"]
[SourceQuality "1"]

1. e4 d5 2. exd5 Qxd5 3. Nc3 Qa5 4. d4 Nf6 5. Bc4 Bg4 6. Nf3 Nc6 7. h3 Qh5 8. Be2 0-0-0 9. Be3 e5 10. d5 Bxf3 11. Bxf3 Qg6 12. 0-0 e4 13. Nxe4 Nxd5 14. Bd2 Ne5 15. Qe2 Qf5 16. Ng5 Nf4 17. Bxf4 Qxf4 18. Bg4+ Kb8 19. g3 Qxg5 20. f4 Qg6 21. fxe5 h5 22. Bf3 Qxg3+ 23. Bg2 f6 24. Rae1 Re8 25. Qe4 c6 26. Rf5 Bd6 27. e6 Re7 28. Re3 Qg6 29. Rb3 Rc8 30. c4 Qe8 31. c5 Be5 32. Rxe5 fxe5 33. Qxe5+ Ka8 34. Re3 Qg6 35. Qd6 Rce8 0-1

[Event "Asia-ch"]
[Site "Al Ain"]
[Date "2025.05.13"]
[Round "7"]
[White "Manon, Reja Neer"]
[Black "Pingin, Artem"]
[Result "1/2-1/2"]
[WhiteElo "2403"]
[BlackElo "2464"]
[PlyCount "86"]
[EventDate "2025.05.07"]
[EventType "swiss"]
[EventRounds "9"]
[EventCountry "UAE"]
[SourceTitle "CB21_2025"]
[SourceDate "2025.05.21"]
[SourceVersion "1"]
[SourceVersionDate "2025.05.21"]
[SourceQuality "1"]

1. e4 c5 2. Nf3 Nc6 3. Bb5 e6 4. Bxc6 bxc6 5. 0-0 Ne7 6. d3 Ng6 7. b3 e5 8. Nc3 Be7 9. Ne2 0-0 10. Ng3 d5 11. Bb2 f6 12. Nf5 Nf4 13. Re1 Re8 14. Nxe7+ Qxe7 15. Nh4 Be6 16. g3 Nh3+ 17. Kg2 Qd7 18. Ba3 Bg4 19. f3 Be6 20. Bxc5 g5 21. Nf5 Bxf5 22. exf5 Qxf5 23. f4 g4 24. fxe5 fxe5 25. Rf1 Qg6 26. Qe2 h5 27. Be3 e4 28. Rae1 Re6 29. Qd2 Rae8 30. d4 R6e7 31. c4 Rd7 32. Rc1 Kh7 33. Rc2 Rf7 34. cxd5 Rxf1 35. Kxf1 cxd5 36. Ke1 Re7 37. Kd1 Qa6 38. Kc1 Qa3+ 39. Kb1 Rf7 40. Rc6 Rf1+ 41. Rc1 Rf7 42. Rc5 Rf1+ 43. Rc1 Rf7 1/2-1/2

[Event "Asia-ch Blitz"]
[Site "Al Ain"]
[Date "2025.05.10"]
[Round "9"]
[White "Manon, Reja Neer"]
[Black "Bilguun, Sumiya"]
[Result "0-1"]
[WhiteElo "2403"]
[BlackElo "2460"]
[PlyCount "78"]
[EventDate "2025.05.10"]
[EventType "swiss (blitz)"]
[EventRounds "9"]
[EventCountry "UAE"]
[SourceTitle "CB20_2025"]
[SourceDate "2025.05.14"]
[SourceVersion "1"]
[SourceVersionDate "2025.05.14"]
[SourceQuality "1"]

1. e4 c5 2. Nf3 d6 3. d4 cxd4 4. Nxd4 Nf6 5. f3 a6 6. c4 e6 7. Nc3 Nbd7 8. Be3 b6 9. Be2 Bb7 10. Qd2 Qc7 11. 0-0 Be7 12. Rac1 0-0 13. Rfd1 Rfc8 14. b3 Qd8 15. Bd3 Qf8 16. Bb1 Bd8 17. h3 Bc7 18. Nde2 Rab8 19. Bf4 Ne5 20. Bg5 h6 21. Be3 Rd8 22. f4 Ned7 23. Qc2 Nc5 24. Ng3 h5 25. e5 dxe5 26. Nxh5 e4 27. Nxf6+ gxf6 28. Qe2 f5 29. b4 Nd3 30. Bxd3 exd3 31. Rxd3 Rxd3 32. Qxd3 Rd8 33. Qb1 Qg7 34. Qb2 Rd3 35. Re1 Rxc3 36. c5 bxc5 37. bxc5 Be4 38. g4 Rc2 39. Bd4 Rxb2 0-1

[Event "Asia-ch Blitz"]
[Site "Al Ain"]
[Date "2025.05.10"]
[Round "2"]
[White "Obidjonov, Oriyat"]
[Black "Manon, Reja Neer"]
[Result "1-0"]
[WhiteElo "2078"]
[BlackElo "2403"]
[PlyCount "77"]
[EventDate "2025.05.10"]
[EventType "swiss (blitz)"]
[EventRounds "9"]
[EventCountry "UAE"]
[SourceTitle "CB20_2025"]
[SourceDate "2025.05.14"]
[SourceVersion "1"]
[SourceVersionDate "2025.05.14"]
[SourceQuality "1"]

1. e4 c5 2. Nf3 e6 3. c4 Nc6 4. d4 cxd4 5. Nxd4 Nf6 6. Nc3 Qc7 7. Nxc6 bxc6 8. Bd3 Bd6 9. h3 Rb8 10. 0-0 Bc5 11. a3 h5 12. Bc2 Ng4 13. hxg4 hxg4 14. Re1 g3 15. Be3 gxf2+ 16. Kxf2 Bd6 17. Ne2 Rxb2 18. Bd4 Rb8 19. Rh1 Rg8 20. Rb1 c5 21. Rxb8 Qxb8 22. Be3 Bb7 23. Qd3 Qc7 24. Ba4 Bc6 25. Bxc6 Qxc6 26. Rd1 Bc7 27. Bf4 Ke7 28. Bxc7 Qxc7 29. e5 Rd8 30. Qd6+ Qxd6 31. exd6+ Kf6 32. Nc3 Ke5 33. Nb5 a6 34. Re1+ Kf6 35. Nc7 Rb8 36. Nxa6 Rb6 37. Nxc5 Rb2+ 38. Re2 Rb8 39. Nxd7+ 1-0

[Event "Asia-ch Blitz"]
[Site "Al Ain"]
[Date "2025.05.10"]
[Round "8"]
[White "Srihari, LR."]
[Black "Manon, Reja Neer"]
[Result "1-0"]
[WhiteElo "2468"]
[BlackElo "2403"]
[PlyCount "79"]
[EventDate "2025.05.10"]
[EventType "swiss (blitz)"]
[EventRounds "9"]
[EventCountry "UAE"]
[SourceTitle "CB20_2025"]
[SourceDate "2025.05.14"]
[SourceVersion "1"]
[SourceVersionDate "2025.05.14"]
[SourceQuality "1"]

1. e4 c5 2. Nf3 e6 3. b3 d5 4. exd5 exd5 5. Bb2 Nf6 6. Bb5+ Bd7 7. Qe2+ Be7 8. Bxf6 gxf6 9. Nc3 Bc6 10. 0-0 d4 11. Bxc6+ Nxc6 12. Ne4 Kf8 13. Nh4 Qd5 14. Ng3 Rg8 15. c4 Qe5 16. Qf3 Qg5 17. Nhf5 Qxd2 18. Ne4 Qa5 19. Qh3 Qc7 20. Qh6+ Ke8 21. Nxf6+ Bxf6 22. Qxf6 Qd8 23. Rae1+ Kd7 24. Qxf7+ Kc8 25. Nd6+ Qxd6 26. Qxg8+ Nd8 27. Qxh7 a5 28. a4 Ra6 29. Qd3 Nc6 30. f4 Nb4 31. Re8+ Kc7 32. Qh7+ Kb6 33. Re7 Qc6 34. f5 Ka7 35. f6 d3 36. f7 d2 37. f8Q Rb6 38. Re8 Ra6 39. Ra8+ Kb6 40. Qd8+ 1-0

[Event "Asia-ch Blitz"]
[Site "Al Ain"]
[Date "2025.05.10"]
[Round "6"]
[White "Xu, Pengmo"]
[Black "Manon, Reja Neer"]
[Result "1/2-1/2"]
[WhiteElo "2039"]
[BlackElo "2403"]
[PlyCount "112"]
[EventDate "2025.05.10"]
[EventType "swiss (blitz)"]
[EventRounds "9"]
[EventCountry "UAE"]
[SourceTitle "CB20_2025"]
[SourceDate "2025.05.14"]
[SourceVersion "1"]
[SourceVersionDate "2025.05.14"]
[SourceQuality "1"]

1. d4 Nf6 2. c4 e6 3. Nf3 c5 4. g3 cxd4 5. Nxd4 Nc6 6. Bg2 Bb4+ 7. Bd2 Qa5 8. Nb5 0-0 9. 0-0 d5 10. a3 dxc4 11. Bxc6 Bxd2 12. Qxd2 Qb6 13. Nxa7 Rd8 14. Qb4 Qxb4 15. axb4 bxc6 16. Nxc6 Rxa1 17. Nxd8 Ra2 18. Nd2 Rxb2 19. Nxc4 Rxb4 20. Nd6 Bd7 21. Rd1 Kf8 22. N8xf7 Nd5 23. Ne5 Ba4 24. Rc1 Ke7 25. Ndc4 Bb5 26. e4 Nf6 27. f3 Rb3 28. Kf2 g5 29. Ne3 h5 30. Nc6+ Kd6 31. Nd4 Rb2+ 32. Rc2 Rxc2+ 33. Nexc2 Bd3 34. Ke3 Ba6 35. Nb4 Bc4 36. f4 gxf4+ 37. gxf4 e5 38. Nf5+ Ke6 39. fxe5 Ng4+ 40. Kf4 Nxh2 41. Nc2 Ng4 42. Ncd4+ Kd7 43. Kg5 Nxe5 44. Kxh5 Bd3 45. Ng3 Kd6 46. Kg5 Kc5 47. Ne6+ Kd6 48. Nf4 Bb1 49. Nfe2 Nf3+ 50. Kf4 Nd2 51. e5+ Ke7 52. Nd4 Nc4 53. Ngf5+ Bxf5 54. Nxf5+ Ke6 55. Nd4+ Kd5 56. Nf3 Nxe5 1/2-1/2

[Event "BAN-chT Premier"]
[Site "Dhaka"]
[Date "2025.04.28"]
[Round "5.2"]
[White "Manon, Reja Neer"]
[Black "Mihir Lal, Das"]
[Result "1-0"]
[WhiteElo "2403"]
[BlackElo "1948"]
[PlyCount "57"]
[EventDate "2025.04.24"]
[EventType "team-tourn"]
[EventRounds "9"]
[EventCountry "BAN"]
[SourceTitle "CB20_2025"]
[SourceDate "2025.05.14"]
[SourceVersion "1"]
[SourceVersionDate "2025.05.14"]
[SourceQuality "1"]
[WhiteTeam "Bangladesh Navy"]
[BlackTeam "Janata Bank Officer Welfare"]
[WhiteTeamCountry "BAN"]
[BlackTeamCountry "BAN"]

1. e4 c5 2. Nf3 d6 3. d4 cxd4 4. Nxd4 Nf6 5. f3 e5 6. Nb3 Be6 7. c4 Be7 8. Nc3 0-0 9. Be3 a5 10. a4 Nbd7 11. Nd5 Bxd5 12. cxd5 Nh5 13. Bb5 Nf4 14. 0-0 f5 15. Kh1 fxe4 16. fxe4 Ng6 17. Nd2 Nf6 18. g3 h5 19. Nc4 h4 20. Rc1 Rc8 21. Bb6 Rxc4 22. Bxd8 Rd4 23. Bxe7 Rxd1 24. Bxf8 Rxf1+ 25. Bxf1 Kxf8 26. Rc8+ Kf7 27. Rc7+ Kg8 28. Kg2 h3+ 29. Kf3 1-0

[Event "Asia zt 3.2"]
[Site "Colombo"]
[Date "2025.03.17"]
[Round "8"]
[White "Zia, Tahsin Tajwar"]
[Black "Manon, Reja Neer"]
[Result "0-1"]
[WhiteElo "2327"]
[BlackElo "2431"]
[PlyCount "124"]
[EventDate "2025.03.11"]
[EventType "swiss"]
[EventRounds "9"]
[EventCountry "SRI"]
[SourceTitle "CB13_2025"]
[SourceDate "2025.03.26"]
[SourceVersion "1"]
[SourceVersionDate "2025.03.26"]
[SourceQuality "1"]

1. d4 Nf6 2. c4 e6 3. Nc3 d5 4. Nf3 Be7 5. cxd5 exd5 6. h3 0-0 7. Bf4 Bd6 8. Be5 Re8 9. e3 c6 10. Bd3 Bxe5 11. Nxe5 Nbd7 12. f4 Nf8 13. 0-0 N6d7 14. Qh5 Qe7 15. Rae1 f6 16. Nf3 g6 17. Qh4 f5 18. g4 Qxh4 19. Nxh4 fxg4 20. hxg4 Nf6 21. g5 Nh5 22. Kf2 Be6 23. Nf3 Nd7 24. Rh1 Ng7 25. Rh2 Bf5 26. Be2 Re7 27. Reh1 Ne8 28. Ne5 Nxe5 29. dxe5 Rd8 30. Bf3 Nc7 31. Ne2 c5 32. Ng3 Be6 33. Bd1 Rf8 34. Rh4 Bd7 35. Bf3 Be6 36. Bd1 Bd7 37. Bf3 Rff7 38. Kg2 Be6 39. e4 Rf8 40. Rd1 d4 41. Nh1 Bxa2 42. Nf2 Be6 43. Kg3 a5 44. Rdh1 c4 45. Bg4 c3 46. bxc3 dxc3 47. Bxe6+ Nxe6 48. Ng4 Rxf4 49. Nh6+ Kg7 50. Rxf4 Nxf4 51. Kxf4 b5 52. Ke3 Rxe5 53. Ng4 Rxg5 54. Nf2 b4 55. Kd4 c2 56. Nd3 b3 57. e5 Rg3 58. Rf1 Rf3 59. Re1 a4 60. e6 Kf8 61. Ne5 b2 62. Nc4 Rf4+ 0-1

[Event "Wch U20 62nd"]
[Site "Petrovac"]
[Date "2025.03.07"]
[Round "11"]
[White "Cao, Qingfeng"]
[Black "Manon, Reja Neer"]
[Result "1-0"]
[WhiteElo "2342"]
[BlackElo "2431"]
[PlyCount "137"]
[EventDate "2025.02.25"]
[EventType "swiss"]
[EventRounds "11"]
[EventCountry "MNE"]
[SourceTitle "CB11_2025"]
[SourceDate "2025.03.12"]
[SourceVersion "1"]
[SourceVersionDate "2025.03.12"]
[SourceQuality "1"]

1. Nf3 Nf6 2. c4 g6 3. d4 Bg7 4. g3 0-0 5. Bg2 d6 6. Nc3 Nc6 7. d5 Na5 8. b3 c5 9. Bb2 a6 10. 0-0 Rb8 11. Nd2 b5 12. Qc1 e6 13. dxe6 Bxe6 14. cxb5 axb5 15. Nce4 Bf5 16. Nxf6+ Bxf6 17. Ne4 Bxe4 18. Bxe4 Re8 19. Bf3 Rc8 20. Bxf6 Qxf6 21. Qf4 Qxf4 22. gxf4 c4 23. bxc4 bxc4 24. Rfd1 Red8 25. Rac1 Rc5 26. Rd5 Kf8 27. Rc3 Rxd5 28. Bxd5 Rc8 29. e4 Ke7 30. f3 f6 31. Kf2 g5 32. f5 h5 33. h3 Rc5 34. Ke3 Rc8 35. Kd4 Rc5 36. Ra3 Kd8 37. Kc3 Kc7 38. Ra4 Kb6 39. Rb4+ Kc7 40. Rb2 Nc6 41. Bxc6 Kxc6 42. Rb8 Kd7 43. Rb7+ Ke8 44. Rb2 Kd7 45. Rd2 Ra5 46. Kb4 c3 47. Rc2 Ra8 48. a4 d5 49. exd5 Kd6 50. Rxc3 Kxd5 51. Re3 Rb8+ 52. Ka3 Rb1 53. a5 Kc5 54. Rc3+ Kd4 55. Rb3 Ra1+ 56. Kb4 Ke5 57. Ra3 Rb1+ 58. Kc5 Rc1+ 59. Kb5 Rb1+ 60. Kc6 Kxf5 61. a6 Rc1+ 62. Kd7 Rd1+ 63. Ke7 Re1+ 64. Kf7 Rc1 65. Ra5+ Kf4 66. a7 Rc7+ 67. Kxf6 Rc6+ 68. Kf7 Rc7+ 69. Kg6 1-0

[Event "Wch U20 62nd"]
[Site "Petrovac"]
[Date "2025.03.03"]
[Round "7"]
[White "Djurovic, Peko"]
[Black "Manon, Reja Neer"]
[Result "1/2-1/2"]
[WhiteElo "2265"]
[BlackElo "2431"]
[PlyCount "85"]
[EventDate "2025.02.25"]
[EventType "swiss"]
[EventRounds "11"]
[EventCountry "MNE"]
[SourceTitle "CB11_2025"]
[SourceDate "2025.03.12"]
[SourceVersion "1"]
[SourceVersionDate "2025.03.12"]
[SourceQuality "1"]

1. e4 c6 2. d4 d5 3. exd5 cxd5 4. Nf3 Nc6 5. c4 Nf6 6. h3 g6 7. c5 Bg7 8. Bb5 0-0 9. Nc3 Ne4 10. 0-0 Bf5 11. Ne2 Bd7 12. Bf4 Qa5 13. Bxc6 Bxc6 14. a3 Qb5 15. Qc2 a5 16. a4 Qa6 17. Rfc1 Rfc8 18. Ne5 b6 19. cxb6 Bb7 20. Nc3 Nxc3 21. bxc3 Qxb6 22. Rab1 Qa7 23. Qb3 Bxe5 24. Bxe5 Bc6 25. c4 Qd7 26. cxd5 Bxd5 27. Rxc8+ Rxc8 28. Qb8 f6 29. Qxc8+ Qxc8 30. Rb8 Qxb8 31. Bxb8 Kf7 32. Bc7 Bc6 33. Bxa5 Bxa4 34. Kf1 Bc6 35. f3 g5 36. Kf2 e6 37. g3 Kg6 38. h4 h6 39. hxg5 fxg5 40. Bd8 Bd5 41. Be7 Kf5 42. g4+ Kg6 43. Kg3 1/2-1/2

[Event "Wch U20 62nd"]
[Site "Petrovac"]
[Date "2025.02.25"]
[Round "1"]
[White "Juncosa Padros, Ernest"]
[Black "Manon, Reja Neer"]
[Result "1/2-1/2"]
[WhiteElo "2088"]
[BlackElo "2431"]
[PlyCount "101"]
[EventDate "2025.02.25"]
[EventType "swiss"]
[EventRounds "11"]
[EventCountry "MNE"]
[SourceTitle "CB11_2025"]
[SourceDate "2025.03.12"]
[SourceVersion "1"]
[SourceVersionDate "2025.03.12"]
[SourceQuality "1"]

1. d4 Nf6 2. c4 g6 3. Nc3 Bg7 4. e4 d6 5. Be2 Nbd7 6. Nf3 e5 7. 0-0 0-0 8. Qc2 Qe7 9. d5 a5 10. Be3 Ng4 11. Bg5 f6 12. Bh4 g5 13. Bg3 f5 14. exf5 Nc5 15. Nd2 Nh6 16. f6 Qxf6 17. Nde4 Qg6 18. Rae1 b6 19. Bd1 Nf5 20. Qd2 g4 21. Bc2 Nd4 22. Bb1 Bf5 23. Bh4 Bh6 24. Qd1 Rf7 25. Kh1 Raf8 26. Bg3 Qh5 27. Kg1 Qg6 28. Nxc5 bxc5 29. Bxf5 Nxf5 30. Ne4 Bg7 31. Qd2 h5 32. Qg5 Qh7 33. f3 h4 34. Bf2 gxf3 35. gxf3 Kh8 36. Kh1 Bh6 37. Qg4 Bf4 38. Rg1 Rg7 39. Qh3 Bg3 40. Bxg3 hxg3 41. Qxh7+ Rxh7 42. Nxg3 Nd4 43. Ref1 Rxf3 44. Rxf3 Nxf3 45. Rg2 Nd4 46. Ne4 Rf7 47. Rg4 Nf5 48. Rg6 Kh7 49. Rg2 Kh6 50. Rf2 Kg6 51. Kg1 1/2-1/2

[Event "Wch Blitz"]
[Site "New York"]
[Date "2024.12.30"]
[Round "11"]
[White "Manon, Reja Neer"]
[Black "Papasimakopoulos, Alexandros"]
[Result "0-1"]
[WhiteElo "2429"]
[BlackElo "2379"]
[PlyCount "65"]
[EventDate "2024.12.30"]
[EventType "swiss (blitz)"]
[EventRounds "13"]
[EventCountry "USA"]
[SourceTitle "CB01_2025"]
[SourceDate "2025.01.01"]
[SourceVersion "1"]
[SourceVersionDate "2025.01.01"]
[SourceQuality "1"]

1. e4 c6 2. d4 g6 3. Nc3 d5 4. e5 Bg7 5. f4 h5 6. Be2 Nh6 7. Nf3 Bg4 8. 0-0 Nf5 9. Ne1 Qb6 10. Bxg4 hxg4 11. Qxg4 Qxd4+ 12. Kh1 Rh4 13. Qf3 Nd7 14. Ne2 Qb6 15. Qb3 Nc5 16. Qxb6 axb6 17. Nf3 Rh8 18. g4 Nh6 19. Rg1 Ne4 20. Be3 c5 21. c3 f5 22. exf6 exf6 23. h3 f5 24. Nh2 Kf7 25. Rad1 Rxa2 26. Bc1 Nf2+ 27. Kg2 Nxd1 28. Rxd1 Rd8 29. Nf3 fxg4 30. Ng5+ Kg8 31. Ne6 Re8 32. Nxg7 Rxe2+ 33. Kf1 0-1

[Event "Wch Blitz"]
[Site "New York"]
[Date "2024.12.30"]
[Round "4"]
[White "Oro, Faustino"]
[Black "Manon, Reja Neer"]
[Result "1-0"]
[WhiteElo "2433"]
[BlackElo "2429"]
[PlyCount "121"]
[EventDate "2024.12.30"]
[EventType "swiss (blitz)"]
[EventRounds "13"]
[EventCountry "USA"]
[SourceTitle "CB01_2025"]
[SourceDate "2025.01.01"]
[SourceVersion "1"]
[SourceVersionDate "2025.01.01"]
[SourceQuality "1"]

1. d4 Nf6 2. c4 e6 3. Nc3 c5 4. d5 exd5 5. cxd5 d6 6. Nf3 g6 7. Bf4 Bg7 8. h3 0-0 9. e3 Na6 10. Bxa6 bxa6 11. Rc1 Rb8 12. b3 a5 13. 0-0 Ba6 14. Re1 Re8 15. Nd2 Qe7 16. Nc4 Bxc4 17. bxc4 a6 18. Qa4 Rb4 19. Qc6 Rxc4 20. Qxa6 Rxc3 21. Rxc3 Nxd5 22. Rcc1 Nxf4 23. exf4 Qxe1+ 24. Rxe1 Rxe1+ 25. Kh2 Rd1 26. Qxa5 c4 27. Qa8+ Bf8 28. Qc6 d5 29. a4 Ra1 30. Qxd5 Rxa4 31. Qc6 Rb4 32. g3 Rb2 33. Kg2 Rc2 34. Qe4 Rc1 35. Qe3 Rc2 36. g4 c3 37. f5 gxf5 38. gxf5 f6 39. Kf3 Rd2 40. Qxc3 Rd6 41. Kg4 Kg7 42. Kh5 Rd7 43. Qc6 Re7 44. Kg4 Re5 45. h4 Re7 46. Kf3 Re5 47. Qc8 Re7 48. h5 Rf7 49. Qe8 Re7 50. h6+ Kg8 51. Qc6 Kf7 52. Qd5+ Ke8 53. Qg8 Rc7 54. Qe6+ Be7 55. Kg4 Kf8 56. f4 Rc5 57. Qa6 Rc7 58. Qa8+ Kf7 59. Qh8 Bd6 60. Qxh7+ Ke8 61. Qxc7 1-0